<?xml version="1.0" encoding="UTF-8"?>
<record
    xmlns:xsi="http://www.w3.org/2001/XMLSchema-instance"
    xsi:schemaLocation="http://www.loc.gov/MARC21/slim http://www.loc.gov/standards/marcxml/schema/MARC21slim.xsd"
    xmlns="http://www.loc.gov/MARC21/slim">

  <leader>01340cam a2200301 i 4500</leader>
  <controlfield tag="003">OSt</controlfield>
  <controlfield tag="005">20200812114523.0</controlfield>
  <controlfield tag="008">160517s2011    ck ao  grb    000 0dspa d</controlfield>
  <datafield tag="010" ind1=" " ind2=" ">
    <subfield code="a">  2015453914</subfield>
  </datafield>
  <datafield tag="020" ind1=" " ind2=" ">
    <subfield code="a">9789589971512</subfield>
  </datafield>
  <datafield tag="040" ind1=" " ind2=" ">
    <subfield code="a">EQO</subfield>
    <subfield code="c">CO-JMCR</subfield>
  </datafield>
  <datafield tag="041" ind1="0" ind2=" ">
    <subfield code="a">spa</subfield>
  </datafield>
  <datafield tag="082" ind1="0" ind2="4">
    <subfield code="a">304.80986 / </subfield>
    <subfield code="b">V648d</subfield>
    <subfield code="2">23</subfield>
  </datafield>
  <datafield tag="100" ind1="1" ind2=" ">
    <subfield code="a">Vidal L&#xF3;pez, Roberto,</subfield>
    <subfield code="e">autor</subfield>
    <subfield code="9">8642</subfield>
  </datafield>
  <datafield tag="245" ind1="1" ind2="0">
    <subfield code="a">Desplazamiento forzado y construcci&#xF3;n de paz en Colombia, 2009-2010 /</subfield>
    <subfield code="c">Roberto Vidal, Jorge Salcedo, Adriana Medina ; fotograf&#xED;as, Daniel Hern&#xE1;ndez-Salazar.</subfield>
  </datafield>
  <datafield tag="260" ind1=" " ind2=" ">
    <subfield code="a">Bogot&#xE1; : </subfield>
    <subfield code="b">CODHES Consultor&#xED;a para los Derechos Humanos y el Desplazamiento</subfield>
    <subfield code="c">2011.</subfield>
  </datafield>
  <datafield tag="300" ind1=" " ind2=" ">
    <subfield code="a">116 p&#xE1;ginas : ,</subfield>
    <subfield code="b">ilustraciones, fotograf&#xED;as a color ; </subfield>
    <subfield code="c">24 cm.</subfield>
  </datafield>
  <datafield tag="500" ind1=" " ind2=" ">
    <subfield code="a">datos biogr&#xE1;ficos de los autores [119].</subfield>
  </datafield>
  <datafield tag="504" ind1=" " ind2=" ">
    <subfield code="a">Bibliograf&#xED;a : p&#xE1;ginas 113-116.</subfield>
  </datafield>
  <datafield tag="520" ind1=" " ind2=" ">
    <subfield code="a">La paz y el desplazamiento forzoso son fen&#xF3;menos que se encuentran estrechamente vinculados. Por un lado, la resoluci&#xF3;n definitiva del desplazamiento s&#xF3;lo ser&#xE1; posible  </subfield>
  </datafield>
  <datafield tag="650" ind1="2" ind2="4">
    <subfield code="a">Desplazados internos </subfield>
    <subfield code="z">Colombia.</subfield>
    <subfield code="9">8643</subfield>
  </datafield>
  <datafield tag="650" ind1="2" ind2="4">
    <subfield code="a">Migraci&#xF3;n forzada</subfield>
    <subfield code="z">Colombia.</subfield>
    <subfield code="9">8644</subfield>
  </datafield>
  <datafield tag="650" ind1="2" ind2="4">
    <subfield code="a">Construcci&#xF3;n de paz</subfield>
    <subfield code="z">Colombia.</subfield>
    <subfield code="9">8645</subfield>
  </datafield>
  <datafield tag="700" ind1="1" ind2=" ">
    <subfield code="a">Salcedo, Jorge, </subfield>
    <subfield code="e">autor</subfield>
    <subfield code="9">8646</subfield>
  </datafield>
  <datafield tag="700" ind1="1" ind2=" ">
    <subfield code="a">Medina, Adriana, </subfield>
    <subfield code="9">8647</subfield>
  </datafield>
  <datafield tag="700" ind1="1" ind2=" ">
    <subfield code="a">Hern&#xE1;ndez-Salazar, Daniel, </subfield>
    <subfield code="e">fot&#xF3;grafo</subfield>
    <subfield code="9">8648</subfield>
  </datafield>
  <datafield tag="942" ind1=" " ind2=" ">
    <subfield code="2">ddc</subfield>
    <subfield code="c">BK</subfield>
  </datafield>
  <datafield tag="999" ind1=" " ind2=" ">
    <subfield code="c">6789</subfield>
    <subfield code="d">6789</subfield>
  </datafield>
  <datafield tag="952" ind1=" " ind2=" ">
    <subfield code="0">0</subfield>
    <subfield code="1">0</subfield>
    <subfield code="2">ddc</subfield>
    <subfield code="4">0</subfield>
    <subfield code="7">0</subfield>
    <subfield code="a">CPL</subfield>
    <subfield code="b">CPL</subfield>
    <subfield code="c">GEN</subfield>
    <subfield code="d">2018-04-15</subfield>
    <subfield code="e">Donaci&#xF3;n</subfield>
    <subfield code="l">0</subfield>
    <subfield code="o">304.80986 / V648d</subfield>
    <subfield code="p">201809966</subfield>
    <subfield code="r">2024-05-16 00:00:00</subfield>
    <subfield code="t">Ej.1</subfield>
    <subfield code="w">2018-04-15</subfield>
    <subfield code="y">BK</subfield>
  </datafield>
</record>
